Southville International School and Colleges
Your cart is empty.
  • Cart
  • Lists
    Public lists Eva Luna New books Lux_list list_1
    Your lists Log in to create your own lists
  • Log in to your account
  • Your cookies
  • Search history
Southville International School and Colleges
  • Advanced search
  • Recent comments
  • Most popular
  • Libraries

Log in to your account

Log in with GOOGLE


If you do not have an external account, but do have a local account, you can still log in:

  1. Home
  2. MARC view: The Teddy bears go for a walk /
Normal view MARC view ISBD view

The Teddy bears go for a walk / (Record no. 104113)

[ view plain ]
MARC details
000 -LEADER
fixed length control field 00475nam a2200169 a 4500
005 - DATE AND TIME OF LATEST TRANSACTION
control field 20140412111313.0
008 - FIXED-LENGTH DATA ELEMENTS--GENERAL INFORMATION
fixed length control field 010320s19uu xx 00 eng d
020 ## - INTERNATIONAL STANDARD BOOK NUMBER
International Standard Book Number 1-85627-508-6
050 ## - LIBRARY OF CONGRESS CALL NUMBER
Classification number ER
Item number Te228 1994
100 ## - MAIN ENTRY--PERSONAL NAME
Personal name Maclean, Colin and Moira
245 ## - TITLE STATEMENT
Title The Teddy bears go for a walk /
Statement of responsibility, etc Colin and Moira Maclean.
260 ## - PUBLICATION, DISTRIBUTION, ETC. (IMPRINT)
Place of publication, distribution, etc London :
Name of publisher, distributor, etc Binky Books.
300 ## - PHYSICAL DESCRIPTION
Extent 1 v. (unp.) ; ill.
650 ## - SUBJECT ADDED ENTRY--TOPICAL TERM
Topical term or geographic name as entry element Bears - Stories
650 ## - SUBJECT ADDED ENTRY--TOPICAL TERM
Topical term or geographic name as entry element Bears - Fiction
Holdings
Withdrawn status Lost status Damaged status Use restrictions Home library Current library Shelving location Date acquired Source of acquisition Total Checkouts Full call number Barcode Date last seen Price effective from Koha item type
        Elizalde Library Elizalde Library Easy Reading Section 03/20/2001     ER Te228 1994 E6498 04/12/2014 04/12/2014 Books

The Teddy bears go for a walk /

APA

Maclean C. a. M., .The Teddy bears go for a walk. London: Binky Books.

Chicago

Maclean Colin and Moira, .The Teddy bears go for a walk. London: Binky Books.

Harvard

Maclean C. a. M., .The Teddy bears go for a walk. London: Binky Books.

MLA

Maclean Colin and Moira, .London: Binky Books. .

  • Place hold
  • Print
  • Cite
  • Add to your cart (remove)
  • Save record
    BIBTEX Dublin Core MARCXML MARC (non-Unicode/MARC-8) MARC (Unicode/UTF-8) MARC (Unicode/UTF-8, Standard) MODS (XML) RIS
  • More searches
    Search for this title in:
    Other Libraries (WorldCat) Other Databases (Google Scholar) Online Stores (Bookfinder.com) Open Library (openlibrary.org)

Exporting to Dublin Core...

SOUTHVILLE LIBRARY

Southville International School and Colleges Library

1281 Tropical Ave. Cor. Luxembourg St., BF Homes International, Las Pinas City

Tel. No. 8256374 / 252358 Loc. 117/146

Powered by Koha